| 000 | 00686nac a22001811u 4500 | ||
|---|---|---|---|
| 082 |
_a666.105 _bB87 |
||
| 090 |
_c3338 _d3338 |
||
| 100 | _aBulavin ,I. | ||
| 245 |
_aHeat Processes In Glass And Silicate Technology / _bI .Bulavin ...[et.al];Translated from the Russian By V.afanasyev. |
||
| 260 |
_aMoscow : _bMir , _cc.1986. |
||
| 300 |
_a272p: _bill; _c19cm. |
||
| 500 | _aDonations. | ||
| 500 | _aDonations - Bibliotheca Alexandrina. | ||
| 650 | _aGlass manufacture--Patents. | ||
| 700 | _aBulavin ,I. | ||
| 942 |
_cBB _k666.105B87 |
||
| 999 |
_c3338 _d3338 |
||